|
|
|
|
| LEADER |
00000nam a22000007a 4500 |
| 005 |
20200602144446.0 |
| 007 |
cr|||| |||| |
| 008 |
200602s2020 co |||||s|||| 00||0 spa d |
| 020 |
|
|
|a 978-958-58644-0-5
|
| 035 |
|
|
|a 31678
|
| 040 |
|
|
|a vLex
|
| 090 |
|
|
|c 10489
|d 10489
|
| 100 |
1 |
|
|a Gil Alzate, Hernǹ Daro̕
|
| 245 |
1 |
0 |
|a Antropologa̕ urbana y legislacin̤
|h [Recurso electrn̤ico] :
|b una mirada a las conductas del orden social de los jv̤enes de la Comuna 10. La Candelaria de Medelln̕ /
|c Hernǹ Daro̕ Gil Alzate
|
| 256 |
|
|
|a Servicio en ln̕ea
|
| 300 |
|
|
|a 1 recurso electrn̤ico
|
| 506 |
1 |
|
|a Disponible solo en los productos indicados
|d vLex Global
|d vLex Global (Academic Edition, excluding Law Schools)
|d vLex Global (U.S. Academic Edition, Law Schools)
|d vLex Global (U.S. Academic Edition, excluding Law Schools)
|d vLex Global (Academic Edition, Law Schools)
|
| 650 |
0 |
4 |
|a Derecho Pb︢lico y Administrativo
|z Colombia
|
| 740 |
0 |
|
|a vLex Libros (Servicio en ln̕ea)
|
| 856 |
4 |
0 |
|u http://vlex.com/source/antropologia-urbana-y-legislacion-una-mirada-a-las-conductas-del-orden-social-de-los-jovenes-de-la-comuna-10-la-candelaria-de-medellin-31678
|z Acceso restringido
|
| 942 |
|
|
|c BOOK
|
| 999 |
0 |
|
|a Public and Administrative Law
|